000 00505nam a2200157Ia 4500
008 210210b2000 xxu||||| |||| 00| 0 eng d
020 _a81 250 0843 8
082 _a305.4 THOI
100 _aTHORNER (Alice) & KRISHNARAJ (Maithreyi), Ed.
245 _aIdeals images & real lives.
260 _aHyderabad
_bOrient Longman
_c2000
300 _axiv,353
650 _aWomen Sarojini Naidu Ramabai Anandmath Govardhanram Premachand Devadasis Virangana
690 _aSocial Stratification
906 _aSG03714
999 _c114813
_d114813